000 01432nam a2200361Ia 4500
001 ebr10137845
003 CaPaEBR
006 m u
007 cr cn|||||||||
008 020604s2002 ohu sb s000 0 eng d
010 _z 2002075508
020 _z9780804040099
020 _z0804010536 (cloth : alk. paper)
020 _z0804010544 (pbk. : alk. paper)
020 _z0804040095
040 _aCaPaEBR
_cCaPaEBR
035 _a(OCoLC)560194078
050 1 4 _aLC4717.5
_b.A7 2002eb
082 0 4 _a371.94
_221
245 0 0 _aAquamarine blue 5
_h[electronic resource] :
_bpersonal stories of college students with autism /
_cedited by Dawn Prince-Hughes.
246 3 _aAquamarine blue five
260 _aAthens :
_bSwallow Press/Ohio University Press,
_cc2002.
300 _axxiv, 134 p.
504 _aIncludes bibliographical references (p. 133-134).
533 _aElectronic reproduction.
_bPalo Alto, Calif. :
_cebrary,
_d2009.
_nAvailable via World Wide Web.
_nAccess may be limited to ebrary affiliated libraries.
650 0 _aAutistic youth
_xEducation.
650 0 _aCollege students with disabilities
_xAttitudes.
650 0 _aCollege students' writings.
655 7 _aElectronic books.
_2local
700 1 _aPrince-Hughes, Dawn,
_d1964-
710 2 _aebrary, Inc.
856 4 0 _uhttp://site.ebrary.com/lib/rucke/Doc?id=10137845
_zAn electronic book accessible through the World Wide Web; click to view
999 _c83568
_d83568